000 00329nam a2200133Ia 4500
008 240827s9999 xx 000 0 und d
020 _a9788173199516
100 _aP.B. Patil
245 0 _aNumerical Computational Methods, Revised Edition
250 _aRev. Ed.
260 _bNAROSA
_c2017
650 _aChemistry
942 _cBK
999 _c27328
_d27328